• 首页
  • 本馆介绍
  • 公告通知
  • 最新文献
  • 馆藏检索
  • 电子资源
  • 读者导购
  • 参考咨询
  • 我的图书馆
  • 登录
  • 详细信息显示
  • 放入我的书架
  • 预约/预借图书
  • 作者相关作品
  • 分类相关作品
  • 丛书相关作品
  • 出版社相关作品

书目信息

  • 表格格式
  • 工作单格式
  • 卡片格式
题名:
证据学
    
 
作者: 法学教材编辑组《证据学》编写组 编
分册:  
出版信息: 北京   群众出版社  1983.5
页数: 229页
开本: 32开
丛书名: 高等学校法学试用教材
单 册:
中图分类: D915.2
科图分类:
主题词: 法学--部门
电子资源:
ISBN:
000 00692nam0 2200229 45
001 0210110976
005 20031219104058.0
010    @dCNY0.80
091    @a6067.48
100    @a20021011d1983 km y0chiy0120 ea
101 0  @achi
105    @a z 000yy
200 1  @a证据学@AZheng Ju Xue@f法学教材编辑组《证据学》编写组编@FFa Xue Jiao Cai Bian Ji Zu《Zheng Ju Xue》Bian Xie Zu Bian
210    @a北京@c群众出版社@d1983.5
215    @a229页@d32开
225    @a高等学校法学试用教材
410    @12001 @a高等学校法学试用教材
606 0  @a法学@x部门
690    @aD915.2@v3
701  0 @a法学教材编辑组《证据学》编写组@4编
801    @aCN@bTSTC@c20021011
905    @b167801-802@dD915.2@e104@f2
    
    证据学/法学教材编辑组《证据学》编写组编.-北京:群众出版社,1983.5
    229页;32开.-(高等学校法学试用教材)
    
    
    ISBN :CNY0.80
    
●
相关链接 在E读中查询图书 在五车中查询图书 在当当中查询图书 在豆瓣中查询图书


正题名:证据学     索取号:D915.2/104         预约/预借

序号 登录号 条形码 馆藏地/架位号 状态 备注
1 0167801   001609227   密集书库/ [索取号:D915.2/104] 在馆    
2 0167802   001609209   密集书库/ [索取号:D915.2/104] 在馆    
3 0167803   000367515   第一样本阅览室/ [索取号:D915.2/104] 在馆    
唐山师范学院图书馆 欢迎您!
大连网信软件有限公司© 版权所有